Why Satie?

Bibliographic Details
Main Author: Erdmann, Martin (Author)
Format: Article
Language:English
ISBN:8096781634

MARC

LEADER 00000naa a2200000uu 4500
001 vtls011044629
003 SK-MaSNL
005 20260302114533.0
008 210905|1995 xo |||||||||||||||||eng|
015 |a SNBRA 
035 |a (urnnbn)urn:nbn:sk:snk:ar-009187 
035 |a (uuid)b81a343c-a55a-4c64-8700-234d8bb781b3 
035 |a urn:nbn:sk:snk-aauwjf 
040 |a SNKBUCL  |b slo  |c SNKBUCL  |e AACR2 
041 0 |a eng 
044 |a xo  |c SK 
100 1 |a Erdmann, Martin  |4 aut  |9 796736 
245 1 0 |a Why Satie?  |c Martin Erdmann 
773 0 |t International Symposium SATIE "70 years after"  |d Bratislava : Orman, 1995, 1995  |g S. 5-10  |z 8096781634 
958 |a OND 
958 |a article12 
958 |a chapter 
999 |c 1260078  |d 1262008